Online Catalogue and eLibrary

State and civil society : (Record no. 404)

MARC details
000 -LEADER
fixed length control field 00758pam a2200229 a 4500
001 - CONTROL NUMBER
control field 2560546
005 - DATE AND TIME OF LATEST TRANSACTION
control field 20240216010138.0
008 - FIXED-LENGTH DATA ELEMENTS--GENERAL INFORMATION
fixed length control field 950515s1995 ii b 001 0 eng
020 ## - INTERNATIONAL STANDARD BOOK NUMBER
ISBN 0803992467 (U.S.)
020 ## - INTERNATIONAL STANDARD BOOK NUMBER
ISBN 0803992475 (U.S. : pbk.)
040 ## - CATALOGING SOURCE (பட்டியலாக்க மூலம்)
Original cataloging agency DLC
Transcribing agency DLC
Modifying agency DLC
082 00 - DDC Classification
Class No. 320.1
DDC Edition Number 20
Item Number - Author Mark STA.
100 1# - MAIN ENTRY--PERSONAL NAME
Personal name Chandhoke, Neera.
245 10 - TITLE STATEMENT
Title State and civil society :
Remainder of title explorations in political theory /
Statement of responsibility, etc. Neera Chandhoke.
260 ## - PUBLICATION, DISTRIBUTION, ETC.
Place of publication, distribution, etc. New Delhi ;
-- Thousand Oaks, Calif. :
Name of publisher, distributor, etc. Sage Publications,
Date of publication, distribution, etc. 1995.
300 ## - PHYSICAL DESCRIPTION
Extent (e.g. Volumes, Pages etc.) 266 p. ;
650 #0 - SUBJECT ADDED ENTRY--TOPICAL TERM
Topical term or geographic name entry element Civil society.
650 #0 - SUBJECT ADDED ENTRY--TOPICAL TERM
Topical term or geographic name entry element State, The.
856 42 - ELECTRONIC LOCATION AND ACCESS
Uniform Resource Identifier <a href="http://www.loc.gov/catdir/enhancements/fy0657/95022211-d.html">http://www.loc.gov/catdir/enhancements/fy0657/95022211-d.html</a>
856 41 - ELECTRONIC LOCATION AND ACCESS
Uniform Resource Identifier <a href="http://www.loc.gov/catdir/enhancements/fy0657/95022211-t.html">http://www.loc.gov/catdir/enhancements/fy0657/95022211-t.html</a>
942 ## - Koha item type (Biblio)
Koha item type Books in Stacks (Lending)
Holdings
Lost status Damaged status Collection code Home library Current library Date acquired Full call number Accession Number Item type
    Lending WERC Library WERC Library 02/16/2024 320.1 STA. 2239 Books in Stacks (Lending)

© WERC Library